00870nam a2200181 a 450000100100000000500170001000800410002704000250006808200140009324501060010726000680021330000200028159000280030195201120032995201170044195201130055899900170067100003604420200930074828.0111124s1993 dr 000 spa d aDO-SdBNPbspacBNPHU axxxbF271 0aEfecto de diferentes densidades de siembra en peces (carpa espejo) Vs. alimentación suplementaria.. aSanto Domingo :bFundación de Desarrollo Agropecuario,c1993. a21 p. ;c28 cm. aInventariado, 2019 / DG 0010718PDaPDbPDcHDd2011-11-24iLF1l0oxxx F271p36044-10r2020-06-25w2020-06-25yLFPDZNo se presta 0011718PDaPDbPDcMId2011-11-24iLF1l0oxxx F271p36044-20r2020-06-25te.2w2020-06-25yLFPDZNo se presta 00107-18PDaPDbPDcOId2011-11-24iLF1l0oxxx F271p36045-10r2020-06-25w2020-06-25yLFPDZNo se presta c35535d35535